<?xml version="1.0" encoding="UTF-8"?>
<collection xmlns:xsi="http://www.w3.org/2001/XMLSchema-instance" xsi:schemaLocation="http://www.loc.gov/MARC21/slim http://www.loc.gov/standards/marcxml/schema/MARC21slim.xsd" xmlns="http://www.loc.gov/MARC21/slim">
 <record>
  <leader>00000caa a22000004a 4500</leader>
  <controlfield tag="001">UP-8027390931312519161</controlfield>
  <controlfield tag="003">Buklod</controlfield>
  <controlfield tag="005">20200408154356.0</controlfield>
  <controlfield tag="006">o--- |     ||   ||</controlfield>
  <controlfield tag="007">ta</controlfield>
  <controlfield tag="008">200408s        xx     d     r    |||| u|</controlfield>
  <datafield tag="035" ind1=" " ind2=" ">
   <subfield code="a">(iLib)UPCEB-00011919592</subfield>
  </datafield>
  <datafield tag="040" ind1=" " ind2=" ">
   <subfield code="a">DML</subfield>
  </datafield>
  <datafield tag="245" ind1="0" ind2="0">
   <subfield code="a">Having ?been there? doesn?t mean I care</subfield>
   <subfield code="b">when prior experience reduces compassion for emotional distress. [article].</subfield>
  </datafield>
  <datafield tag="300" ind1=" " ind2=" ">
   <subfield code="a">pp. 610-622.</subfield>
  </datafield>
  <datafield tag="520" ind1=" " ind2=" ">
   <subfield code="a">The current research found that participants who had previously endured an emotionally distressing event (e.g., bullying) more harshly evaluated another person?s failure to endure a similar distressing event compared with participants with no experience enduring the event or those currently enduring event. These effects emerged for naturally occurring (Studies 1, 3, and 4) and experimentally induced (Study 2) distressing events. This effect was driven by the tendency for those who previously endured the distressing event to view the event as less difficult to overcome (Study 3). Moreover, we demonstrate that the effect is specific to evaluations of perceived failure. Compared with those with no experience, people who previously endured a distressing event made less favorable evaluations of an individual failing to endure the event, but made more favorable evaluations of an individual managing to endure the event (Study 4). Finally, we found that people failed to anticipate this effect of enduring distressing events would most favorably evaluate others? failures to endure (Study 5). Taken together, these findings present a paradox such that, in the face of struggle or defeat, the people we seek for advice or comfort may be the least likely to provide it. - - (from the authors)</subfield>
  </datafield>
  <datafield tag="650" ind1=" " ind2="0">
   <subfield code="a">Social judgment-Periodicals.</subfield>
  </datafield>
  <datafield tag="650" ind1="1" ind2="7">
   <subfield code="a">Hot-cold empathy gap-Periodicals.</subfield>
  </datafield>
  <datafield tag="650" ind1="1" ind2="7">
   <subfield code="a">Life events-Periodicals.</subfield>
  </datafield>
  <datafield tag="650" ind1="1" ind2="7">
   <subfield code="a">Compassion-Periodicals.</subfield>
  </datafield>
  <datafield tag="700" ind1="1" ind2=" ">
   <subfield code="a">Ruttan, Rachel L.</subfield>
  </datafield>
  <datafield tag="700" ind1="1" ind2=" ">
   <subfield code="a">McDonnell, Mary-Hunter.</subfield>
  </datafield>
  <datafield tag="700" ind1="1" ind2=" ">
   <subfield code="a">Nordgren, Loran F.</subfield>
  </datafield>
  <datafield tag="773" ind1="0" ind2=" ">
   <subfield code="a">Journal of Personality and Social Psychology.</subfield>
   <subfield code="g">vol. 108,4.  2015.</subfield>
  </datafield>
  <datafield tag="942" ind1=" " ind2=" ">
   <subfield code="a">Analytics</subfield>
  </datafield>
 </record>
</collection>
